El medio ambiente como núcleo de integración: una propuesta didáctica para NB2
Saved in:
| Hovedforfatter: | |
|---|---|
| Format: | Bog |
| Sprog: | spansk |
| Udgivet: |
Santiago
CPEIP
1999
|
| Fag: | |
| Tags: |
Tilføj Tag
Ingen Tags, Vær først til at tagge denne postø!
|
MARC
| LEADER | 00000nam a2200000 a 4500 | ||
|---|---|---|---|
| 001 | UCL1627 | ||
| 003 | CL-VaPUC | ||
| 008 | 030911e19990000CL |||||||||||||||||spa|d | ||
| 082 | 0 | 4 | |a 372.357 |b SIR |2 21 |
| 100 | 0 | |a Sirera Ferrer, Enrique |e author |9 478503 | |
| 245 | 1 | 3 | |a El medio ambiente como núcleo de integración: una propuesta didáctica para NB2 |
| 300 | |a 160 p | ||
| 942 | |c BK | ||
| 945 | |d 20030911 00:00:00 |a cmena | ||
| 260 | |a Santiago |b CPEIP |c 1999 | ||
| 650 | 0 | |a Educación ambiental |9 262920 | |
| 650 | 0 | |a Educación básica |9 224933 | |
| 650 | 0 | |a Planificación del currículo |9 269599 | |
| 650 | 0 | |a Métodos de enseñanza |9 270413 | |
| 583 | |a last modification |c 20030911 00:00:00 |k Rodrigo Vera | ||
| 999 | |c 305121 |d 305119 | ||
| 952 | |0 0 |1 0 |4 0 |6 372_357000000000000_SIR_1999 |7 0 |8 P |9 368106 |a BIBEDU |b BIBEDU |c BIBEDU_PB |d 2019-11-21 |i 3937070 |o 372.357 SIR 1999 |p 3937070 |r 2024-01-25 |w 2019-11-21 |y BK |k EPE | ||